Evviva le unghie colorate! /

সংরক্ষণ করুন:
গ্রন্থ-পঞ্জীর বিবরন
প্রধান লেখক: Acosta, Alicia (লেখক), Amavisca, Luis (লেখক)
অন্যান্য লেখক: Gusti (চিত্রকর), Di Filippo, Giulia (অনুবাদক)
বিন্যাস: গ্রন্থ
ভাষা:ইতালিয়
প্রকাশিত: [Madrid] : Nubeocho, 2018
মালা:Egalité
ট্যাগগুলো: ট্যাগ যুক্ত করুন
কোনো ট্যাগ নেই, প্রথমজন হিসাবে ট্যাগ করুন!

MARC

LEADER 00000nam a22000007i 4500
001 IT\ICCU\LO1\1726049
003 ItRI
005 20260115232023.0
008 181113s2018 sp |||||| |||||1|||||c
020 |a 9788417123604 
040 |b ita  |c importazione bologna sebina 
041 7 |a ita  |2 ISO-639-2 
082 |a 863.7  |9 NARRATIVA SPAGNOLA, 2000-  |2 21 
100 1 |a Acosta, Alicia  |0 IT\ICCU\UBOV\446051  |4 aut 
240 1 0 |a Vivan las uñas de colores!  |3 IT\ICCU\LO1\1726051  |9 Acosta, Alicia 
245 1 0 |a Evviva le unghie colorate! /  |c Alicia Acosta, Luis Amavisca ; illustrato da Gusti. 
260 |a [Madrid] :  |b Nubeocho,  |c 2018 
300 |a 1 volume (senza paginazione) :  |b ill. ;  |c 26 x 26 cm 
500 |a Traduzione: Giulia di Filippo 
700 0 |a Gusti  |0 IT\ICCU\VIAV\098156  |4 ill 
700 1 |a Amavisca, Luis  |0 IT\ICCU\UBOV\419712  |4 aut 
700 1 |a Di Filippo, Giulia  |0 IT\ICCU\UBOV\442130  |4 trl 
752 |a sp   |d Madrid 
790 1 |a Ariel, Gustavo  |3 IT\ICCU\VIAV\098157  |z Gusti 
790 1 |a Gusti Rosemffet, Gustavo Ariel  |3 IT\ICCU\RAVV\685367  |z Gusti 
830 0 |a Egalité  |0 IT\ICCU\UBO\4250291 
942 |2 ddc  |c BK  |n 0 
952 |0 0  |1 0  |4 0  |6 R_863_700000000000000_ACO  |7 0  |9 18983  |a BO  |b BO  |d 2026-01-15  |i 18946  |l 0  |o R 863.7 ACO  |p BO18946  |r 2026-01-15 23:20:23  |w 2026-01-15  |x [Sebina 5] [1 v.]  |y BK  |z 1 v. 
999 |c 16136  |d 16136